Leaders of the Chinese Communist Party - Statistics

General Stats
  • This quiz has been taken 127 times
  • The average score is 4 of 11
Answer Stats
Term Leader % Correct
1942 - 1976 Mao Zedong
97%
2012 - Present Xi Jinping
92%
2002 - 2012 Hu Jintao
57%
1989 - 2002 Jiang Zemin
51%
1976 - 1981 Hua Guofeng
37%
1931 - 1935 Bo Gu
23%
1921 - 1928 Chen Duxiu
23%
1981 - 1987 Hu Yaobang
23%
1987 - 1989 Zhao Ziyang
23%
1928 - 1931 Xiang Zhongfa
9%
1935 - 1943 Zhang Wentian
9%
No matching quizzes found
Score Distribution
Percent of People with Each Score
Percentile by Number Answered
Your Score History
You have not taken this quiz